000 00218nam a22000857a 4500
008 161202b xxu||||| |||| 00| 0 eng d
100 _91781
_aSingh. R
245 _aComputer world
260 _aNew delhi
_bArya publication
_c2006
999 _c4489
_d4489